Made to treasure : embroideries for all accasions
| Other Authors: | |
|---|---|
| Format: | Book |
| Published: |
Kent :
Search Press ,
1985
|
| Subjects: |
MARC
| LEADER | 00000cam a2200000 7i4500 | ||
|---|---|---|---|
| 001 | 0000000147 | ||
| 002 | 000000204 | ||
| 005 | 20000330.0 | ||
| 020 | |a 0855325801 | ||
| 090 | 0 | 0 | |a 746.44 |b MAD |
| 245 | 0 | 0 | |a Made to treasure : |b embroideries for all accasions |c edited by Kit Pyman |
| 260 | |a Kent : |b Search Press , |c 1985 | ||
| 300 | |a 158p : |b ill. ; |c 29cm. | ||
| 650 | 0 | 0 | |a Embroidery |
| 700 | 1 | |a Pyman, Kit , |e editor | |
| 999 | |a 027640 |b BUKU |c PINJAMAN |e PERPUSTAKAAN KOMUNITI PETALING JAYA | ||